| 000 | 00504nam a22001577a 4500 | ||
|---|---|---|---|
| 008 | 230410b |||||||| |||| 00| 0 eng d | ||
| 040 |
_aNational Science Library _cNational Science Library |
||
| 080 |
_a341.78 _bM7 |
||
| 100 |
_aWeinstein, David A _96671 |
||
| 245 |
_aHow to protect your creative work: _bAll your need to know about copyright |
||
| 260 |
_aU.S.A.: _bJohn Wiley & Sons, Inc., _c1987 |
||
| 300 | _axv, 343p. | ||
| 650 | _aCreative work | ||
| 653 | _aCopyright | ||
| 942 |
_2udc _cBK |
||
| 999 |
_c20257 _d20257 |
||